Catálogo
 En Linea

Notas sobre Cuba / (Registro nro. 1591)

Detalles MARC
000 -CABECERA
campo de control de longitud fija 00995cam a2200277 a 4500
001 - NÚMERO DE CONTROL
campo de control 000001712
005 - FECHA Y HORA DE LA ÚLTIMA TRANSACCIÓN
campo de control 20200929145655.0
008 - DATOS DE LONGITUD FIJA--INFORMACIÓN GENERAL
campo de control de longitud fija 710723s1989 cu 000 0 spa
040 ## - FUENTE DE LA CATALOGACIÓN
Centro catalogador/agencia de origen DO-SdBNP
Lengua de catalogación spa
Centro/agencia transcriptor BNPHU
041 17 - CÓDIGO DE LENGUA
Código de lengua del texto/banda sonora o título independiente eng
Código de lengua original spa
Fuente del código Código de idioma MARC
082 ## - NÚMERO DE LA CLASIFICACIÓN DECIMAL DEWEY
Número de clasificación 917.291
Número de documento/Ítem W967n
100 1# - ENTRADA PRINCIPAL--NOMBRE DE PERSONA
Nombre de persona Wurdemann, John G.
Forma completa/desarrollada del nombre (John George),
Fechas asociadas al nombre 1810-1849.
9 (RLIN) 5569
240 10 - TÍTULO UNIFORME
Título uniforme Notes on Cuba.
Lenguaje de la obra Español
245 10 - MENCIÓN DE TÍTULO
Título Notas sobre Cuba /
Mención de responsabilidad, etc. John G. Wurdeman ; traducción de Elipidio Pacios Mederos ; prólogo, Ernesto Chavez Álvarez.
260 ## - PUBLICACIÓN, DISTRIBUCIÓN, ETC.
Lugar de publicación, distribución, etc. La Habana :
Nombre del editor, distribuidor, etc. Editorial de Ciencias Sociales,
Fecha de publicación, distribución, etc. 1989.
300 ## - DESCRIPCIÓN FÍSICA
Extensión xxv, 419 p. ;
Dimensiones 18 cm.
440 #0 - MENCIÓN DE SERIE/PUNTO DE ACCESO ADICIONAL--TÍTULO
Título Viajeros
9 (RLIN) 5570
534 ## - NOTA SOBRE LA VERSIÓN ORIGINAL
Frase introductoria Tìtulo original:
Mención de título del original Notes on Cuba.
651 #4 - PUNTO DE ACCESO ADICIONAL DE MATERIA--NOMBRE GEOGRÁFICO
Nombre geográfico Cuba
Subdivisión general Descripción Y Viajes
9 (RLIN) 5571
651 #4 - PUNTO DE ACCESO ADICIONAL DE MATERIA--NOMBRE GEOGRÁFICO
Nombre geográfico Cuba
Subdivisión general Historia
9 (RLIN) 493
700 1# - PUNTO DE ACCESO ADICIONAL--NOMBRE DE PERSONA
Nombre de persona Pacios Mederos, Elipidio,
Término indicativo de función/relación tr.
9 (RLIN) 5572
700 1# - PUNTO DE ACCESO ADICIONAL--NOMBRE DE PERSONA
Nombre de persona Chavez Alvarez, Ernesto,
Término indicativo de función/relación pról.
9 (RLIN) 5573
910 ## - DATOS DE OPCIÓN DEL USUARIO (OCLC)
Datos de opción del usuario Jornada de catalogación
910 ## - DATOS DE OPCIÓN DEL USUARIO (OCLC)
Datos de opción del usuario Catalogación derivada
910 ## - DATOS DE OPCIÓN DEL USUARIO (OCLC)
Datos de opción del usuario WM
Existencias
Estado de retiro Estado de pérdida Restricciones de uso No para préstamo Código de colección Localización permanente Ubicación/localización actual Ubicación en estantería Fecha de adquisición Fuente de adquisición Número de inventario Total de préstamos Signatura topográfica completa Código de barras Fecha visto por última vez Precio válido a partir de Tipo de ítem Koha
    Préstamo interno   Monografías: Libros y Folletos General General Depósito 23.07.2009 002344 LF1   917.291 W967n 1712-10 25.06.2020 25.06.2020 Préstamo interno

Con tecnología Koha